Cần Thơ di tích lịch sử danh lam thắng cảnh

Qúy độc giả đang cầm trên tay một quyển sách tuy nhỏ nhưng đầy tâm huyết của một nhó tác giả trẻ. Các tác giả này đã viết về lịch sử và văn hóa của quê hương mình, Cần Thơ - một vùng đất rất quan trọng miền biên viễn thời chúa Nguyễn...

Descripción completa

Guardado en:
Detalles Bibliográficos
Formato: Libro
Lenguaje:Undetermined
Publicado: Hà Nội Giáo dục Việt Nam 2015
Materias:
Etiquetas: Agregar Etiqueta
Sin Etiquetas, Sea el primero en etiquetar este registro!
Thư viện lưu trữ: Trung tâm Học liệu Trường Đại học Cần Thơ
LEADER 01363nam a2200205Ia 4500
001 CTU_220866
008 210402s9999 xx 000 0 und d
020 |c 100000 
082 |a 959.793 
082 |b C121 
245 0 |a Cần Thơ di tích lịch sử danh lam thắng cảnh 
245 0 |c Đỗ Tấn Hiệp, ... [et al.] 
260 |a Hà Nội 
260 |b Giáo dục Việt Nam 
260 |c 2015 
520 |a Qúy độc giả đang cầm trên tay một quyển sách tuy nhỏ nhưng đầy tâm huyết của một nhó tác giả trẻ. Các tác giả này đã viết về lịch sử và văn hóa của quê hương mình, Cần Thơ - một vùng đất rất quan trọng miền biên viễn thời chúa Nguyễn mở cõi. Qua năm tháng Cần Thơ dần thành Tây Đô, thủ phủ của miền Tây Nam Kì thời thuộc Pháp. Sau hiệp định Geneve, quân Pháp rút khỏi miền Nam, dân dân miền Nam lại phải chống đế quốc Mỹ để bảo vệ quê hương... 
650 |a Cantho (Vietnam),Cần Thơ (Việt Nam) 
650 |x Description and travel,Mô tả và du lịch 
904 |i Phan Lâm Vũ Anh, Trúc 
980 |a Trung tâm Học liệu Trường Đại học Cần Thơ